000 00695nam a2200241Ia 4500
003 OSt
005 20220924132110.0
006 a|||||r|||| 00| 0
007 ta
008 220923b |||||||| |||| 00| 0 tam d
024 _a10063
037 _cTextual
040 _aARTS
_cARTS
_btam
041 _2tam
_atam
082 _aQ23:417x5;1:g, 31J4
100 _aTandavaraya Kali comm
_9203725
245 0 _aTiruvacaka vyakhyanam ed by R Visvanatnaiyar
260 _c1954
490 _aMadras government oriental series ed by T Chandrasekharan; 113
650 _aRELIGION
942 _hQ23:417x5;1:g, 31J4
_cTEXL
_2CC
999 _c429223
_d429223